Mots neutres - Statistiques

Statistiques générales
  • Ce quiz a été pris 64 fois
  • Le résultat moyen est 4 sur 6
Statistiques - réponses
Masculin Féminin Neutre % Correct
père mère parent
87%
fils fille enfant
83%
grand-père grand-mère grand-parent
82%
homme femme humain, personne, personnalité
70%
il elle iel (ellui, ille, al)
62%
frère sœur adelphe
8%
Aucun quiz correspondant
Distribution des résultats
% des personnes avec chaque résultat
Percentile par nombre de réponses
Votre historique - résultats
Vous n’avez pas pris ce quiz